[Event "España tch División de Honor 2014"]
[Site "Linares ESP"]
[Date "2014.09.06"]
[Round "3.3"]
[White "Castellanos Rodriguez, Renier"]
[Black "Franco Alonso, Alejandro"]
[Result "1/2-1/2"]
[WhiteElo "2465"]
[BlackElo "2471"]
[PlyCount "83"]
[EventDate "2014.09.04"]
[EventType "team-tourn"]
[EventRounds "7"]
[EventCountry "ESP"]
[Source "lmi"]
[SourceDate "2014.09.04"]
[WhiteTeam "EQUIGOMA -  CASA SOCIAL CATOLICA"]
[BlackTeam "GROS XAKE TALDEA"]

1. e4 c5 2. Nf3 d6 3. Bc4 Nf6 4. d3 Nc6 5. c3 e6 6. Bb3 Be7 7. O-O b5 8. Re1
O-O 9. d4 Bb7 10. Nbd2 b4 11. dxc5 bxc3 12. bxc3 dxc5 13. e5 Nd5 14. Ne4 Qc7
15. c4 Ndb4 16. Bb2 Rfd8 17. Qb1 Nd3 18. Nfg5 Bxg5 19. Nxg5 Qe7 20. Ne4 Nxe1
21. Qxe1 Nd4 22. Nd6 Qg5 23. Qf1 Nf3+ 24. Kh1 Qh5 25. h3 Nd2 26. Qd3 Ne4 27.
Kg1 Qg5 28. f3 Nxd6 29. exd6 Qg6 30. Qxg6 hxg6 31. Rd1 f6 32. Ba4 Rac8 33. d7
Rc7 34. Bc3 Bc6 35. Ba5 Bxa4 36. Bxc7 Rxd7 37. Rxd7 Bxd7 38. Bd6 e5 39. Bxc5 a6
40. Kf2 Be6 41. h4 Bxc4 42. a3 1/2-1/2

[Event "España tch División de Honor 2014"]
[Site "Linares ESP"]
[Date "2014.09.06"]
[Round "3.3"]
[White "Gonzalez De La Torre, Santiago"]
[Black "Corral Blanco, Juan Antonio"]
[Result "1-0"]
[WhiteElo "2450"]
[BlackElo "2439"]
[PlyCount "83"]
[EventDate "2014.09.04"]
[EventType "team-tourn"]
[EventRounds "7"]
[EventCountry "ESP"]
[Source "lmi"]
[SourceDate "2014.09.04"]
[WhiteTeam "GROS XAKE TALDEA"]
[BlackTeam "EQUIGOMA -  CASA SOCIAL CATOLICA"]

1. e4 c5 2. Nf3 e6 3. d4 cxd4 4. Nxd4 a6 5. Nc3 Qc7 6. Bd3 Nf6 7. f4 d6 8. Qe2
Nc6 9. Nxc6 bxc6 10. O-O Be7 11. b3 O-O 12. Bb2 e5 13. fxe5 dxe5 14. Kh1 Bg4
15. Qe1 Be6 16. Na4 Nd7 17. Qe2 a5 18. Bc4 Bxc4 19. Qxc4 Nf6 20. Rf5 Bd6 21.
Raf1 Ng4 22. Bc1 Rab8 23. Qe2 Nf6 24. Rxf6 gxf6 25. Bh6 Kh8 26. Bxf8 Bxf8 27.
Rxf6 Rd8 28. h3 Rd4 29. Nb2 Bg7 30. Rf3 f6 31. a4 Qd6 32. Rg3 Qd7 33. Nc4 Rd1+
34. Kh2 Bh6 35. Rd3 Rxd3 36. Qxd3 Qa7 37. Qd8+ Kg7 38. Nd6 Bf4+ 39. Kh1 f5 40.
Nxf5+ Kf7 41. g3 Qf2 42. Qe7+ 1-0

[Event "España tch División de Honor 2014"]
[Site "Linares ESP"]
[Date "2014.09.06"]
[Round "3.3"]
[White "Guerrero Vargas, Andres"]
[Black "Argandona Riveiro, Inigo"]
[Result "1-0"]
[WhiteElo "2303"]
[BlackElo "2434"]
[PlyCount "114"]
[EventDate "2014.09.04"]
[EventType "team-tourn"]
[EventRounds "7"]
[EventCountry "ESP"]
[Source "lmi"]
[SourceDate "2014.09.04"]
[WhiteTeam "EQUIGOMA -  CASA SOCIAL CATOLICA"]
[BlackTeam "GROS XAKE TALDEA"]

1. e4 c5 2. Nf3 g6 3. d4 cxd4 4. Nxd4 Bg7 5. Nc3 Nc6 6. Be3 Nf6 7. Bc4 O-O 8.
Bb3 e6 9. Nxc6 dxc6 10. O-O e5 11. Qxd8 Rxd8 12. Rfd1 Re8 13. f3 Nd7 14. Rd2
Nf8 15. Na4 Bf6 16. Nc5 Kg7 17. a4 Rd8 18. Rxd8 Bxd8 19. Kf2 Bc7 20. a5 Kf6 21.
Bc4 Nd7 22. Nd3 Nf8 23. c3 Be6 24. Bxe6 Nxe6 25. a6 b6 26. Nb4 Nd8 27. Rd1 Rc8
28. h4 Ke7 29. h5 Bb8 30. hxg6 hxg6 31. Nc2 Ne6 32. b4 Rd8 33. Ra1 Rd3 34. Ra3
Kf6 35. Ke2 Rd7 36. Ra1 Kg7 37. g3 f5 38. exf5 gxf5 39. Rh1 Nc7 40. f4 Nd5 41.
Bd2 exf4 42. c4 Nf6 43. Bxf4 Bxf4 44. gxf4 Ne4 45. Ke3 Re7 46. Kd4 Nf2 47. Re1
Rd7+ 48. Ke5 Kg6 49. Ke6 Rd2 50. Ne3 Nh3 51. Ke5 Rd8 52. Ng2 Nf2 53. Ke6 Nd3
54. Rg1 Re8+ 55. Kd7 Rf8 56. Ne1+ Kf6 57. Ng2 c5 1-0

[Event "España tch División de Honor 2014"]
[Site "Linares ESP"]
[Date "2014.09.06"]
[Round "3.4"]
[White "Giri, Anish"]
[Black "Narciso Dublan, Marc"]
[Result "1-0"]
[WhiteElo "2758"]
[BlackElo "2524"]
[PlyCount "129"]
[EventDate "2014.09.04"]
[EventType "team-tourn"]
[EventRounds "7"]
[EventCountry "ESP"]
[Source "lmi"]
[SourceDate "2014.09.04"]
[WhiteTeam "SESTAO NATURGAS ENERGIA"]
[BlackTeam "C. E.  BARBERA"]

1. e4 e5 2. Nf3 Nc6 3. Bb5 a6 4. Ba4 b5 5. Bb3 Na5 6. O-O d6 7. d4 f6 8. Be3
Ne7 9. Nbd2 Nxb3 10. axb3 Ng6 11. c4 Bd7 12. Qc2 Be7 13. Rfc1 O-O 14. b4 c6 15.
Qc3 Qe8 16. Re1 Qf7 17. h3 d5 18. cxd5 cxd5 19. dxe5 Nxe5 20. Nxe5 fxe5 21.
exd5 Qxd5 22. Bc5 Bxc5 23. bxc5 Bc6 24. f3 Rfe8 25. b4 Qd4+ 26. Qxd4 exd4 27.
Rxe8+ Bxe8 28. Ne4 Bc6 29. Nd6 a5 30. bxa5 g6 31. a6 b4 32. a7 b3 33. Nc4 Bb5
34. Nd2 b2 35. Ra2 Bc6 36. Kh2 Kf7 37. Ra6 Bb7 38. Rd6 Bc8 39. Rc6 Bf5 40. Rb6
Rxa7 41. Rxb2 Ke6 42. Rb4 d3 43. Rd4 Ke5 44. Rd6 Ra4 45. Kg3 g5 46. Kf2 Ra2 47.
Ke3 Rc2 48. g4 Rxc5 49. Rb6 Bg6 50. h4 gxh4 51. f4+ Kd5 52. f5 Bf7 53. Rh6 Rc1
54. Rxh7 Be8 55. Kxd3 Bb5+ 56. Ke3 h3 57. Kf4 Rc3 58. f6 Ke6 59. Ne4 Rc4 60.
Re7+ Kd5 61. Re5+ Kc6 62. f7 h2 63. f8=Q Rxe4+ 64. Rxe4 h1=Q 65. Qa8+ 1-0

[Event "España tch División de Honor 2014"]
[Site "Linares ESP"]
[Date "2014.09.06"]
[Round "3.4"]
[White "Vassallo Barroche, Mauricio"]
[Black "Fressinet, Laurent"]
[Result "0-1"]
[WhiteElo "2424"]
[BlackElo "2712"]
[PlyCount "58"]
[EventDate "2014.09.04"]
[EventType "team-tourn"]
[EventRounds "7"]
[EventCountry "ESP"]
[Source "lmi"]
[SourceDate "2014.09.04"]
[WhiteTeam "C. E.  BARBERA"]
[BlackTeam "SESTAO NATURGAS ENERGIA"]

1. d4 Nf6 2. Nf3 g6 3. c4 Bg7 4. Nc3 O-O 5. e4 d6 6. h3 Na6 7. Bg5 Qe8 8. Be2
e5 9. d5 Nh5 10. g3 f5 11. Nd2 h6 12. Bh4 Nc5 13. Bxh5 gxh5 14. Qe2 Qg6 15.
O-O-O Bd7 16. Rdg1 Rf7 17. f3 Raf8 18. Rg2 a5 19. b3 Kh7 20. Kb2 c6 21. Rhh2
Rb8 22. Rg1 fxe4 23. fxe4 cxd5 24. Nxd5 b5 25. Re1 a4 26. b4 bxc4 27. Nxc4 Be6
28. Ncb6 a3+ 29. Ka1 Nxe4 0-1

[Event "España tch División de Honor 2014"]
[Site "Linares ESP"]
[Date "2014.09.06"]
[Round "3.4"]
[White "Edouard, Romain"]
[Black "Alonso Moyano, Jonathan"]
[Result "1-0"]
[WhiteElo "2674"]
[BlackElo "2402"]
[PlyCount "79"]
[EventDate "2014.09.04"]
[EventType "team-tourn"]
[EventRounds "7"]
[EventCountry "ESP"]
[Source "lmi"]
[SourceDate "2014.09.04"]
[WhiteTeam "SESTAO NATURGAS ENERGIA"]
[BlackTeam "C. E.  BARBERA"]

1. Nf3 d5 2. c4 c6 3. e3 Nf6 4. Nc3 g6 5. d4 Bg7 6. Be2 O-O 7. O-O Bg4 8. cxd5
Nxd5 9. h3 Bxf3 10. Bxf3 Nxc3 11. bxc3 Nd7 12. Rb1 Qc7 13. Qb3 b6 14. Rd1 Rac8
15. e4 c5 16. e5 e6 17. Bg5 Rfe8 18. Be2 c4 19. Qc2 Bf8 20. Qa4 Nb8 21. Qb5 h6
22. Be3 Red8 23. Qb2 Rd5 24. Qd2 Kh7 25. h4 Ra5 26. h5 Nc6 27. Bg4 Qd7 28.
hxg6+ Kxg6 29. Bf3 f5 30. exf6 Kxf6 31. d5 exd5 32. Bxd5 Qf5 33. Bxc4 Ne5 34.
Be2 Bc5 35. Bxc5 Raxc5 36. Qxh6+ Ke7 37. Bh5 Nd3 38. Qg7+ Kd6 39. Rxd3+ Qxd3
40. Rd1 1-0

[Event "España tch División de Honor 2014"]
[Site "Linares ESP"]
[Date "2014.09.06"]
[Round "3.4"]
[White "Guramishvili, Sopiko"]
[Black "Rodshtein, Maxim"]
[Result "0-1"]
[WhiteElo "2393"]
[BlackElo "2678"]
[PlyCount "88"]
[EventDate "2014.09.04"]
[EventType "team-tourn"]
[EventRounds "7"]
[EventCountry "ESP"]
[Source "lmi"]
[SourceDate "2014.09.04"]
[WhiteTeam "C. E.  BARBERA"]
[BlackTeam "SESTAO NATURGAS ENERGIA"]

1. d4 Nf6 2. c4 g6 3. g3 Bg7 4. Bg2 O-O 5. Nc3 d6 6. Nf3 Nbd7 7. O-O e5 8. e4
exd4 9. Nxd4 Re8 10. h3 a6 11. Be3 Rb8 12. Qc2 c5 13. Nde2 b5 14. cxb5 axb5 15.
a4 bxa4 16. Rfd1 Qe7 17. Bg5 Nb6 18. Bf4 Nc4 19. Rxa4 Ne5 20. Rda1 Bb7 21. Ra7
Qd8 22. g4 Qb6 23. Ng3 Nc6 24. R7a3 Nd4 25. Qd1 Nd7 26. Na4 Qc6 27. Nf1 Ba6 28.
Nc3 Bxf1 29. Kxf1 Ne5 30. Ra6 Rb6 31. Rxb6 Qxb6 32. Qa4 Rb8 33. Ra2 Qd8 34. Be3
Nd3 35. Nd1 Nb4 36. Bxd4 Bxd4 37. Ra3 Qg5 38. Qa7 Rf8 39. Bf3 Qd2 40. Qa5 Be5
41. Be2 Qf4 42. Bf3 Nc2 43. Rd3 c4 44. Rc3 Nd4 0-1

[Event "España tch División de Honor 2014"]
[Site "Linares ESP"]
[Date "2014.09.06"]
[Round "3.4"]
[White "Romero Holmes, Alfonso"]
[Black "Bergez, Luc"]
[Result "1-0"]
[WhiteElo "2488"]
[BlackElo "2353"]
[PlyCount "59"]
[EventDate "2014.09.04"]
[EventType "team-tourn"]
[EventRounds "7"]
[EventCountry "ESP"]
[Source "lmi"]
[SourceDate "2014.09.04"]
[WhiteTeam "SESTAO NATURGAS ENERGIA"]
[BlackTeam "C. E.  BARBERA"]

1. e4 c6 2. d4 d5 3. Nc3 dxe4 4. Nxe4 Bf5 5. Ng3 Bg6 6. Bc4 e6 7. N1e2 Bd6 8.
O-O Qc7 9. Bb3 Nf6 10. f4 Bf5 11. Nxf5 exf5 12. c4 O-O 13. Bc2 g6 14. Nc3 Nbd7
15. Qf3 Rfe8 16. h3 h5 17. Bd2 Bf8 18. Rad1 b5 19. cxb5 cxb5 20. Bb3 Qb6 21.
Nd5 Qd8 22. Rc1 Ne4 23. Be3 Bd6 24. Rc6 a5 25. Rfc1 a4 26. Bc2 Ndf6 27. Nxf6+
Nxf6 28. Bd3 Nd5 29. Qxd5 Bxf4 30. Rxg6+ 1-0

[Event "España tch División de Honor 2014"]
[Site "Linares ESP"]
[Date "2014.09.06"]
[Round "3.4"]
[White "Martinez Ramirez, Erik"]
[Black "Trigo Urquijo, Sergio"]
[Result "1-0"]
[WhiteElo "2286"]
[BlackElo "2274"]
[PlyCount "105"]
[EventDate "2014.09.04"]
[EventType "team-tourn"]
[EventRounds "7"]
[EventCountry "ESP"]
[Source "lmi"]
[SourceDate "2014.09.04"]
[WhiteTeam "C. E.  BARBERA"]
[BlackTeam "SESTAO NATURGAS ENERGIA"]

1. e4 e5 2. Nf3 Nc6 3. d4 exd4 4. Nxd4 Nf6 5. Nxc6 bxc6 6. e5 Qe7 7. Qe2 Nd5 8.
c4 Ba6 9. b3 g6 10. g3 Bg7 11. Bb2 O-O 12. Bg2 Rae8 13. O-O Bxe5 14. Qxe5 Qxe5
15. Bxe5 Rxe5 16. cxd5 Bxf1 17. Kxf1 cxd5 18. Nc3 c6 19. Rd1 Rb8 20. Bf3 a5 21.
Na4 Kf8 22. Nc5 Ke7 23. Rd4 Kd6 24. Nd3 Ree8 25. Rh4 h5 26. Ra4 Ra8 27. h4 Kc7
28. Bg2 Kb6 29. Rf4 Re7 30. Bf3 d6 31. Rf6 Kc7 32. Rf4 Kb6 33. Rd4 Kb5 34. Nb2
Rae8 35. Rd1 Re5 36. Nd3 R5e7 37. Rc1 Ra7 38. Nb2 Rae7 39. Na4 Re5 40. a3 c5
41. Nc3+ Kc6 42. Nxd5 R8e6 43. Nf4+ Kb5 44. Nxe6 fxe6 45. Re1 Rf5 46. Be2+ Kc6
47. Bd3 Rf6 48. a4 e5 49. Bb5+ Kd5 50. Rd1+ Ke6 51. Bc4+ Kf5 52. Ke2 Kg4 53.
Bd5 1-0

[Event "España tch División de Honor 2014"]
[Site "Linares ESP"]
[Date "2014.09.07"]
[Round "4.1"]
[White "Ivanchuk, Vassily"]
[Black "Giri, Anish"]
[Result "1/2-1/2"]
[WhiteElo "2726"]
[BlackElo "2758"]
[PlyCount "60"]
[EventDate "2014.09.04"]
[EventType "team-tourn"]
[EventRounds "7"]
[EventCountry "ESP"]
[Source "lmi"]
[SourceDate "2014.09.04"]
[WhiteTeam "MERIDA PATRIMONIO DE LA HUMANIDAD"]
[BlackTeam "SESTAO NATURGAS ENERGIA"]

1. d4 Nf6 2. c4 g6 3. Nc3 d5 4. cxd5 Nxd5 5. e4 Nxc3 6. bxc3 Bg7 7. Bc4 c5 8.
Ne2 Nc6 9. Be3 O-O 10. O-O Bg4 11. f3 Bd7 12. Rb1 Qc7 13. Qd2 Rad8 14. Rfc1 Bc8
15. h4 Na5 16. Bd3 f5 17. Bh6 e5 18. exf5 gxf5 19. Bxg7 Qxg7 20. Qe3 cxd4 21.
cxd4 exd4 22. Qg5 Nc6 23. Nf4 Ne5 24. Bc4+ Kh8 25. Qxg7+ Kxg7 26. Be6 Kf6 27.
Bxc8 Rxc8 28. Nd5+ Ke6 29. Nf4+ Kf6 30. Nd5+ Ke6 1/2-1/2

[Event "España tch División de Honor 2014"]
[Site "Linares ESP"]
[Date "2014.09.07"]
[Round "4.1"]
[White "Fressinet, Laurent"]
[Black "Almasi, Zoltan"]
[Result "1/2-1/2"]
[WhiteElo "2712"]
[BlackElo "2694"]
[PlyCount "60"]
[EventDate "2014.09.04"]
[EventType "team-tourn"]
[EventRounds "7"]
[EventCountry "ESP"]
[Source "lmi"]
[SourceDate "2014.09.04"]
[WhiteTeam "SESTAO NATURGAS ENERGIA"]
[BlackTeam "MERIDA PATRIMONIO DE LA HUMANIDAD"]

1. Nf3 Nf6 2. g3 d5 3. Bg2 c6 4. O-O Bg4 5. c4 e6 6. d3 Nbd7 7. cxd5 cxd5 8.
Qb3 Nc5 9. Qb5+ Qd7 10. Nc3 a6 11. Qxd7+ Ncxd7 12. Bf4 Be7 13. Ne5 Bh5 14. Rfc1
O-O 15. Rc2 g5 16. Nxd7 Nxd7 17. Be3 Bf6 18. Na4 Rac8 19. Rac1 Rxc2 20. Rxc2 d4
21. Bc1 b5 22. Nc5 Nxc5 23. Rxc5 Bxe2 24. Bf1 Bf3 25. Bxg5 Bxg5 26. Rxg5+ Kh8
27. Rc5 Rd8 28. Bg2 Be2 29. Bf1 Bf3 30. Bg2 Be2 1/2-1/2

[Event "España tch División de Honor 2014"]
[Site "Linares ESP"]
[Date "2014.09.07"]
[Round "4.1"]
[White "Kryvoruchko, Yuriy"]
[Black "Edouard, Romain"]
[Result "1/2-1/2"]
[WhiteElo "2708"]
[BlackElo "2674"]
[PlyCount "82"]
[EventDate "2014.09.04"]
[EventType "team-tourn"]
[EventRounds "7"]
[EventCountry "ESP"]
[Source "lmi"]
[SourceDate "2014.09.04"]
[WhiteTeam "MERIDA PATRIMONIO DE LA HUMANIDAD"]
[BlackTeam "SESTAO NATURGAS ENERGIA"]

1. e4 e6 2. d4 d5 3. Nc3 Nf6 4. Bg5 dxe4 5. Nxe4 Be7 6. Bxf6 gxf6 7. Nf3 f5 8.
Nc3 a6 9. g3 b5 10. Bg2 Bb7 11. O-O c5 12. dxc5 Bxc5 13. Qe2 Nc6 14. Ne5 Nd4
15. Qh5 Qc7 16. Bxb7 Qxb7 17. Ne2 Nxe2+ 18. Qxe2 Qe4 19. Rfe1 Qxe2 20. Rxe2 Bd4
21. c3 Bxe5 22. Rxe5 Ke7 23. Kf1 Rhc8 24. Rd1 Rc4 25. Re3 Ra7 26. a3 Rb7 27.
Red3 a5 28. Rd4 e5 29. Rd5 f6 30. R1d3 Rc6 31. Rd8 b4 32. cxb4 axb4 33. axb4
Rxb4 34. R8d7+ Ke6 35. Rxh7 Rxb2 36. Rdd7 f4 37. g4 Rd6 38. Rxd6+ Kxd6 39. Rh6
Ke7 40. f3 Kf7 41. h4 Rb1+ 1/2-1/2

[Event "España tch División de Honor 2014"]
[Site "Linares ESP"]
[Date "2014.09.07"]
[Round "4.1"]
[White "Illescas Cordoba, Miguel"]
[Black "Salgado Lopez, Ivan"]
[Result "1/2-1/2"]
[WhiteElo "2617"]
[BlackElo "2619"]
[PlyCount "104"]
[EventDate "2014.09.04"]
[EventType "team-tourn"]
[EventRounds "7"]
[EventCountry "ESP"]
[Source "lmi"]
[SourceDate "2014.09.04"]
[WhiteTeam "MERIDA PATRIMONIO DE LA HUMANIDAD"]
[BlackTeam "SESTAO NATURGAS ENERGIA"]

1. d4 Nf6 2. c4 g6 3. Nf3 Bg7 4. g3 c6 5. Bg2 d5 6. Nbd2 O-O 7. O-O a5 8. Re1
Bf5 9. Qb3 Na6 10. cxd5 cxd5 11. a3 Qc7 12. Nb1 Bc2 13. Qb5 Qc8 14. Bf4 Nc7 15.
Bxc7 Qxc7 16. Nc3 Qd6 17. Ne5 Rfd8 18. Rac1 Bf5 19. e3 Qa6 20. Qxa6 Rxa6 21.
Na4 Nd7 22. Nxd7 Bxd7 23. Nc5 Rb6 24. Bxd5 Bc8 25. Na4 Rbd6 26. Bg2 b5 27. Nc3
Bd7 28. Ne4 Rb6 29. Rc7 e5 30. d5 Bf5 31. Rc6 Rbb8 32. Nd6 Bd7 33. Ra6 a4 34.
e4 Bf8 35. Bf1 b4 36. Ra1 bxa3 37. bxa3 Rb3 38. h4 Rdb8 39. Kg2 Bg4 40. Nc4
Bf3+ 41. Kh2 Bxe4 42. Rxa4 Bxd5 43. Nxe5 Rb2 44. Nd3 Rd2 45. Kg1 Bc6 46. Rf4 f5
47. Rc4 Bb5 48. Rb1 Bxc4 49. Rxb8 Bxd3 50. Rd8 Rd1 51. Rxd3 Rxd3 52. Bxd3 Bxa3
1/2-1/2

[Event "España tch División de Honor 2014"]
[Site "Linares ESP"]
[Date "2014.09.07"]
[Round "4.1"]
[White "Del Rio De Angelis, Salvador G"]
[Black "Korneev, Oleg"]
[Result "1/2-1/2"]
[WhiteElo "2517"]
[BlackElo "2581"]
[PlyCount "177"]
[EventDate "2014.09.04"]
[EventType "team-tourn"]
[EventRounds "7"]
[EventCountry "ESP"]
[Source "lmi"]
[SourceDate "2014.09.04"]
[WhiteTeam "SESTAO NATURGAS ENERGIA"]
[BlackTeam "MERIDA PATRIMONIO DE LA HUMANIDAD"]

1. d4 d5 2. c4 c6 3. Nc3 Nf6 4. e3 e6 5. Bd3 Nbd7 6. cxd5 exd5 7. Nge2 Be7 8.
f3 c5 9. Nf4 Bd6 10. O-O Bxf4 11. exf4 O-O 12. Bc2 c4 13. g4 Nb8 14. f5 Ne8 15.
b3 cxb3 16. Bxb3 Nc7 17. Bf4 Nba6 18. Qd2 Bd7 19. Nxd5 Nxd5 20. Bxd5 Bc6 21.
Be4 Nc7 22. Bxc7 Qxc7 23. f6 Qd6 24. d5 Bd7 25. fxg7 Rfe8 26. Rae1 b5 27. Qg5
h6 28. Qh4 Qf4 29. Qg3 Qxg3+ 30. hxg3 b4 31. Kf2 a5 32. Ke3 a4 33. Rb1 Rab8 34.
Rfc1 Rb7 35. Rc4 Reb8 36. d6 Rb6 37. Bf5 Rd8 38. Bxd7 Rxd7 39. Rbxb4 Rbxd6 40.
Rd4 Re7+ 41. Re4 Rc7 42. Rbc4 Rb7 43. Rxa4 Rb1 44. Rad4 Ra6 45. a4 Ra1 46. Rf4
Ra3+ 47. Kd2 Rb6 48. Kc2 Ra2+ 49. Kd3 Ra3+ 50. Ke4 Kxg7 51. Kd5 Ra6 52. Kc5
Ra5+ 53. Kb6 Ra8 54. Rd7 Rb3+ 55. Kc5 Rc8+ 56. Kd4 Rb4+ 57. Kd5 Rxf4 58. gxf4
Ra8 59. Ke4 Rxa4+ 60. Rd4 Ra6 61. f5 Kf6 62. Kf4 Rb6 63. Ra4 Rc6 64. Kg3 Rb6
65. Kh4 Rb1 66. Ra6+ Kg7 67. Rd6 Rh1+ 68. Kg3 Ra1 69. Rd2 Rb1 70. f4 Rb3+ 71.
Kh4 Rf3 72. Rd4 Kf6 73. Rd6+ Ke7 74. Rxh6 Rxf4 75. Kg5 Ra4 76. Rb6 f6+ 77. Kh5
Rf4 78. Rb7+ Kf8 79. g5 Rxf5 80. Kg6 Rf4 81. Rf7+ Kg8 82. Rxf6 Ra4 83. Rb6 Ra8
84. Rb7 Kf8 85. Kf6 Kg8 86. Rb8+ Kh7 87. Kf7 Ra4 88. Rb7 Ra8 89. Ke7 1/2-1/2

[Event "España tch División de Honor 2014"]
[Site "Linares ESP"]
[Date "2014.09.07"]
[Round "4.2"]
[White "Iturrizaga Bonelli, Eduardo"]
[Black "Narciso Dublan, Marc"]
[Result "1/2-1/2"]
[WhiteElo "2660"]
[BlackElo "2524"]
[PlyCount "127"]
[EventDate "2014.09.04"]
[EventType "team-tourn"]
[EventRounds "7"]
[EventCountry "ESP"]
[Source "lmi"]
[SourceDate "2014.09.04"]
[WhiteTeam "EQUIGOMA -  CASA SOCIAL CATOLICA"]
[BlackTeam "C. E.  BARBERA"]

1. Nf3 Nf6 2. c4 e6 3. Nc3 Bb4 4. Qc2 O-O 5. a3 Bxc3 6. Qxc3 b6 7. b4 a5 8. Bb2
axb4 9. axb4 Rxa1+ 10. Bxa1 c5 11. b5 Bb7 12. e3 Bxf3 13. gxf3 d6 14. f4 Nbd7
15. Bg2 e5 16. fxe5 dxe5 17. O-O Re8 18. Bb2 Qe7 19. Ra1 Qe6 20. Qd3 h6 21. f4
exf4 22. exf4 Nh5 23. Bc6 Rd8 24. Rf1 Qe7 25. Qe3 Qd6 26. d4 Nhf6 27. d5 Re8
28. Qg3 Re2 29. Ba1 Kf8 30. Qd3 Ra2 31. Qb3 Re2 32. Qd3 Ra2 33. Bc3 g6 34. Qb1
Re2 35. Qd3 Ra2 36. Qh3 h5 37. Qh4 Qe7 38. Re1 Re2 39. Kf1 Rxe1+ 40. Qxe1 Qxe1+
41. Bxe1 Ke8 42. Ke2 Ne4 43. Kd3 Nd6 44. Bh4 f5 45. Bf6 Ne4 46. Be5 Kd8 47. Ke3
Ndf6 48. h3 Nd7 49. d6 Ndf6 50. d7 h4 51. Ba1 Ke7 52. Bb2 Kd8 53. Ba1 Ke7 54.
Bb2 Kd8 55. Be5 Nxd7 56. Bxe4 Nxe5 57. fxe5 fxe4 58. Kxe4 Ke7 59. Kf3 Ke6 60.
Kf4 Kf7 61. Kg5 Ke6 62. Kf4 Kf7 63. Kg5 Ke6 64. Kf4 1/2-1/2

[Event "España tch División de Honor 2014"]
[Site "Linares ESP"]
[Date "2014.09.07"]
[Round "4.2"]
[White "Arizmendi Martinez, Julen Luis"]
[Black "Alonso Moyano, Jonathan"]
[Result "1/2-1/2"]
[WhiteElo "2544"]
[BlackElo "2402"]
[PlyCount "87"]
[EventDate "2014.09.04"]
[EventType "team-tourn"]
[EventRounds "7"]
[EventCountry "ESP"]
[Source "lmi"]
[SourceDate "2014.09.04"]
[WhiteTeam "EQUIGOMA -  CASA SOCIAL CATOLICA"]
[BlackTeam "C. E.  BARBERA"]

1. d4 f5 2. Nc3 d5 3. Bg5 h6 4. Bf4 Nf6 5. h4 e6 6. Nf3 a6 7. Ne5 Bd6 8. Ng6
Rg8 9. e3 c5 10. Be2 Nc6 11. Bh5 Kd7 12. Ne5+ Bxe5 13. dxe5 Nxh5 14. Qxh5 Kc7
15. O-O-O Qe8 16. Qe2 b5 17. g4 d4 18. Nb1 g5 19. hxg5 hxg5 20. Bg3 Kb6 21. Nd2
Bb7 22. gxf5 exf5 23. Rh6 Rg6 24. Qh5 Rxh6 25. Qxh6 Qe7 26. exd4 f4 27. dxc5+
Ka7 28. Bh2 Rd8 29. f3 Ka8 30. Bg1 Qxe5 31. Ne4 Rxd1+ 32. Kxd1 g4 33. Qf8+ Nb8
34. Qd6 Qxd6+ 35. cxd6 Nd7 36. Ng5 gxf3 37. Ne6 Be4 38. Nxf4 Kb7 39. Nd3 a5 40.
Nc5+ Nxc5 41. Bxc5 Kc6 42. b4 axb4 43. Bxb4 Bxc2+ 44. Ke1 1/2-1/2

[Event "España tch División de Honor 2014"]
[Site "Linares ESP"]
[Date "2014.09.07"]
[Round "4.2"]
[White "Guramishvili, Sopiko"]
[Black "Castellanos Rodriguez, Renier"]
[Result "1/2-1/2"]
[WhiteElo "2393"]
[BlackElo "2465"]
[PlyCount "128"]
[EventDate "2014.09.04"]
[EventType "team-tourn"]
[EventRounds "7"]
[EventCountry "ESP"]
[Source "lmi"]
[SourceDate "2014.09.04"]
[WhiteTeam "C. E.  BARBERA"]
[BlackTeam "EQUIGOMA -  CASA SOCIAL CATOLICA"]

1. c4 g6 2. g3 Bg7 3. Bg2 Nf6 4. Nc3 O-O 5. Nf3 d6 6. O-O Nc6 7. d4 Bf5 8. d5
Na5 9. Nd4 Bd7 10. b3 c5 11. Nc2 a6 12. Bd2 b5 13. cxb5 axb5 14. b4 Nc4 15. Rb1
Nxd2 16. Qxd2 Ng4 17. Rfc1 Bh6 18. e3 Ne5 19. bxc5 dxc5 20. Nxb5 Rxa2 21. f4
Nc4 22. Qc3 Nd6 23. Nba3 Bf5 24. Qb3 Bxc2 25. Rxc2 Rxc2 26. Qxc2 Qa5 27. Nc4
Nxc4 28. Qxc4 Bg7 29. h3 Bf6 30. Kh2 Kg7 31. Rc1 Rc8 32. Rc2 Rc7 33. Qd3 Qe1
34. Qa3 h5 35. Qc1 Qb4 36. Rc4 Qb3 37. e4 h4 38. gxh4 Ra7 39. e5 Bxh4 40. Rc3
Qb4 41. Rc4 Ra1 42. Qxa1 Qxc4 43. e6+ Bf6 44. Qf1 Qd4 45. exf7 c4 46. Qe2 Qxf4+
47. Kh1 c3 48. Be4 Kxf7 49. Bc2 Be5 50. Kg1 Qg3+ 51. Qg2 Bd4+ 52. Kf1 Qf4+ 53.
Ke1 Qc1+ 54. Bd1 Kg7 55. Qe2 Bf6 56. Qd3 Qg5 57. Kf2 Qf4+ 58. Kg2 Bd4 59. Bf3
Be5 60. Be4 Kh6 61. Qf3 Qh2+ 62. Kf1 Bf6 63. Qg4 Bg5 64. Qf3 Qf4 1/2-1/2

[Event "España tch División de Honor 2014"]
[Site "Linares ESP"]
[Date "2014.09.07"]
[Round "4.2"]
[White "Corral Blanco, Juan Antonio"]
[Black "Bergez, Luc"]
[Result "1-0"]
[WhiteElo "2439"]
[BlackElo "2353"]
[PlyCount "81"]
[EventDate "2014.09.04"]
[EventType "team-tourn"]
[EventRounds "7"]
[EventCountry "ESP"]
[Source "lmi"]
[SourceDate "2014.09.04"]
[WhiteTeam "EQUIGOMA -  CASA SOCIAL CATOLICA"]
[BlackTeam "C. E.  BARBERA"]

1. d4 Nf6 2. c4 g6 3. Nc3 Bg7 4. e4 d6 5. Nf3 O-O 6. Be2 Nbd7 7. O-O e5 8. Be3
Ng4 9. Bg5 f6 10. Bc1 Nh6 11. h3 exd4 12. Nxd4 Nc5 13. Nb3 Be6 14. Be3 b6 15.
Qd2 Nf7 16. Nd4 Bd7 17. f4 a5 18. Bf3 c6 19. b3 Qc7 20. Rab1 Rae8 21. Rbe1 Nd8
22. Rd1 Ndb7 23. Rfe1 Ne6 24. Nxe6 Bxe6 25. Na4 c5 26. Nc3 Qb8 27. f5 gxf5 28.
exf5 Bf7 29. Bf4 Qc8 30. Nd5 Qd8 31. Rxe8 Rxe8 32. Re1 Rxe1+ 33. Qxe1 a4 34.
Nc3 axb3 35. Bxb7 bxa2 36. Nxa2 Bxc4 37. Nc3 Qd7 38. Bd5+ Bxd5 39. Nxd5 b5 40.
Qe6+ Qxe6 41. fxe6 1-0

[Event "España tch División de Honor 2014"]
[Site "Linares ESP"]
[Date "2014.09.07"]
[Round "4.2"]
[White "Martinez Ramirez, Erik"]
[Black "Guerrero Vargas, Andres"]
[Result "1/2-1/2"]
[WhiteElo "2286"]
[BlackElo "2303"]
[PlyCount "142"]
[EventDate "2014.09.04"]
[EventType "team-tourn"]
[EventRounds "7"]
[EventCountry "ESP"]
[Source "lmi"]
[SourceDate "2014.09.04"]
[WhiteTeam "C. E.  BARBERA"]
[BlackTeam "EQUIGOMA -  CASA SOCIAL CATOLICA"]

1. e4 c5 2. Nf3 e6 3. d4 cxd4 4. Nxd4 Nc6 5. Nc3 Qc7 6. Be3 Nf6 7. Bd3 Nxd4 8.
Bxd4 Bc5 9. Bxc5 Qxc5 10. O-O O-O 11. Kh1 d6 12. Qe2 a6 13. Rae1 e5 14. Bc4 b5
15. Bd5 Rb8 16. Qe3 Bd7 17. a3 Rfc8 18. Bb3 a5 19. Qxc5 Rxc5 20. f3 a4 21. Ba2
b4 22. axb4 Rxb4 23. Rb1 Kf8 24. Kg1 Be6 25. Bxe6 fxe6 26. Ra1 Rcc4 27. Ra2 Nd7
28. Rd1 Ke7 29. Rd2 Nb6 30. Kf2 Rc8 31. Re2 Rbc4 32. Ke1 Kf6 33. Kd1 d5 34. Rd2
d4 35. Ne2 R4c7 36. b3 Ra8 37. f4 exf4 38. Nxf4 Ke5 39. g3 g5 40. Nh3 Kxe4 41.
Nxg5+ Kf5 42. Nf3 e5 43. bxa4 Nxa4 44. Ke1 Ke4 45. Ng5+ Kd5 46. Re2 Rb7 47. Ra1
Raa7 48. Ne4 Nc3 49. Nxc3+ dxc3 50. Rd1+ Ke6 51. Rd3 Rc7 52. Kf2 Rc4 53. Rd8
Rf7+ 54. Ke3 e4 55. Re8+ Kd5 56. Rd8+ Kc6 57. Rd4 Kc5 58. Rxe4 Rxe4+ 59. Kxe4
Kb4 60. g4 Ka3 61. h4 Kb2 62. g5 Re7+ 63. Kf3 Rxe2 64. Kxe2 Kxc2 65. h5 Kb2 66.
g6 hxg6 67. hxg6 c2 68. g7 c1=Q 69. g8=Q Qc2+ 70. Ke3 Qb3+ 71. Qxb3+ Kxb3
1/2-1/2